<The> Breakdown of credit relations under conditions of banking crisis <a> switching regime approach

Salvato in:
Dettagli Bibliografici
Autore principale: Muňoz, Sónia
Natura: Libro
Lingua:inglese
Pubblicazione: Washington International Monetary Fund 2000
Serie:IMF Working Paper WP/00/135
Soggetti:
Tags: Aggiungi Tag
Nessun Tag, puoi essere il primo ad aggiungerne!!

MARC

LEADER 00000nam a2200000 4500
001 c124382
005 20221221081716.9
041 0 |a eng 
044 |a US 
245 1 0 |a <The> Breakdown of credit relations under conditions of banking crisis  |b <a> switching regime approach  |c Sónia Muňoz 
264 1 |a Washington  |b International Monetary Fund  |c 2000 
300 |a 24 s. 
490 1 |a IMF Working Paper  |v WP/00/135 
830 0 |a IMF Working Paper  |v WP/00/135 
610 2 0 |a kríza banková 
610 2 0 |a úver 
610 2 0 |a úver bankový 
100 1 |a Muňoz, Sónia